Encyclopedia Britainnica 2006 * Images and multimedia

Gespeichert in:
Bibliographische Detailangaben
Format: Buch
Sprache:Undetermined
Veröffentlicht: Encyclopedia Britannica Australia 2006
Schlagworte:
Tags: Tag hinzufügen
Keine Tags, Fügen Sie den ersten Tag hinzu!
Thư viện lưu trữ: Trung tâm Học liệu Trường Đại học Cần Thơ
LEADER 00472nam a2200157Ia 4500
001 CTU_120694
008 210402s9999 xx 000 0 und d
082 |a 032 
082 |b E56/CD.3 
245 0 |a Encyclopedia Britainnica 2006 * Images and multimedia 
245 0 |c Deluxe edition 
260 |b Encyclopedia Britannica Australia 
260 |c 2006 
650 |a Encyclopedias and dictionaries 
904 |i M.Loan 
980 |a Trung tâm Học liệu Trường Đại học Cần Thơ